The Greek economy today
Αποθηκεύτηκε σε:
| Συγγραφή απο Οργανισμό/Αρχή: | |
|---|---|
| Μορφή: | Βιβλίο |
| Γλώσσα: | English |
| Δημοσίευση: |
Athens :
Centre of Planning and Economic Research,
1984
|
| Θέματα: | |
| Ετικέτες: |
Προσθήκη ετικέτας
Δεν υπάρχουν, Καταχωρήστε ετικέτα πρώτοι!
|
MARC
| LEADER | 00000cam a2200000 i 4500 | ||
|---|---|---|---|
| 001 | 1/92896 | ||
| 008 | 940315s1984 eng d | ||
| 035 | |l 10008639 | ||
| 040 | |a GR-MY-UA |b gre |e aacr | ||
| 041 | 0 | |a eng | |
| 082 | 0 | |a 330.9495076 | |
| 110 | 2 | |a Κέντρο Προγραμματισμού και Οικονομικών Ερευνών. | |
| 245 | 1 | 4 | |a The Greek economy today / |c Centre of Planning and Economic Research |
| 260 | |a Athens : |b Centre of Planning and Economic Research, |c 1984 | ||
| 300 | |a 39 p. |b tables | ||
| 651 | 0 | |a Greece |x Economic conditions |y 1974- | |
| 852 | |a INST |b LESVOS |e 19940315 |h 330.9495076 GRE |p 005100004505 |q 005100004505 |t BK |y 0 | ||
| 852 | |a INST |b LESVOS |e 19940315 |h 330.9495076 GRE |p 005100004506 |q 005100004506 |t BK |y 0 | ||
| 852 | |a INST |b LESVOS |e 19960718 |h 330.9495076 GRE |p 005100009506 |q 005100009506 |t BK |y 0 | ||
| 909 | |a Λ |b 033125 | ||